[Event "Metz op 25th"]
[Site "Metz"]
[Date "2007.04.17"]
[Round "4"]
[White "Prasad, Devaki V"]
[Black "Guliyev, Namig"]
[Result "1/2-1/2"]
[WhiteElo "2413"]
[BlackElo "2590"]
[PlyCount "124"]
[EventDate "2007.04.14"]
[EventType "swiss"]
[EventRounds "9"]
[EventCountry "FRA"]
[SourceTitle "CBM 117 Extra"]
[Source "ChessBase"]
[SourceDate "2007.05.09"]
[SourceVersion "1"]
[SourceVersionDate "2007.05.09"]
[SourceQuality "1"]

1. d4 d5 2. Nf3 Nf6 3. c4 dxc4 4. e3 e6 5. Bxc4 a6 6. 0-0 Nbd7 7. Re1 b5 8. Bd3 c5 9. a4 b4 10. Nbd2 cxd4 11. exd4 Be7 12. Nc4 0-0 13. Nfe5 Bb7 14. a5 Rc8 15. Bf4 Nd5 16. Bd2 Nxe5 17. dxe5 Nc3 18. Bxc3 bxc3 19. bxc3 Qd5 20. Ne3 Qxe5 21. Qb1 Rc7 22. Nf5 Qc5 23. Nxe7+ Qxe7 24. Bxh7+ Kh8 25. Be4 Bxe4 26. Rxe4 Rxc3 27. g3 Kg8 28. Qb6 Ra8 29. Rd1 Rc5 30. Rb4 Qc7 31. Qxc7 Rxc7 32. Rb6 Rc5 33. Ra1 g5 34. h3 Kg7 35. Kg2 Kf6 36. Ra2 Ra7 37. Kf3 Rc3+ 38. Ke2 Ke5 39. Kd2 Rc8 40. Ra1 Rd7+ 41. Ke2 Ke4 42. Ra4+ Kf5 43. Ra2 Ra7 44. Kf3 Rc3+ 45. Ke2 Ke5 46. Kf1 Ke4 47. Kg2 Rd3 48. Ra4+ Ke5 49. Ra2 Rd1 50. Kf3 Kf5 51. Kg2 Re1 52. Kf3 Kg6 53. Kg2 Re5 54. Kf3 Ra8 55. Ra3 Kg7 56. Kg2 Re4 57. Rb7 Kg6 58. Rf3 f5 59. Rb6 f4 60. Rc3 fxg3 61. Kxg3 Re5 62. Ra3 Ra7 1/2-1/2

[Event "Hyderabad op 1st"]
[Site "Hyderabad"]
[Date "2006.03.03"]
[Round "8"]
[White "Arun Prasad, Subramanian"]
[Black "Prasad, Devaki V"]
[Result "1-0"]
[WhiteElo "2384"]
[BlackElo "2411"]
[PlyCount "67"]
[EventDate "2006.02.25"]
[EventType "swiss"]
[EventRounds "10"]
[EventCountry "IND"]
[SourceTitle "CBM 111 Extra"]
[Source "ChessBase"]
[SourceDate "2006.05.09"]
[SourceVersion "1"]
[SourceVersionDate "2006.05.09"]
[SourceQuality "1"]

1. Nf3 c5 2. c4 Nc6 3. Nc3 e5 4. g3 g6 5. Bg2 Bg7 6. 0-0 Nge7 7. d3 d6 8. Ne1 0-0 9. Nc2 a6 10. Rb1 Re8 11. b4 b6 12. bxc5 dxc5 13. Ne3 Nd4 14. Ned5 Nxd5 15. cxd5 Bd7 16. Bd2 b5 17. Ne4 Qb6 18. e3 Nf5 19. Qc2 Rec8 20. Rfc1 Nd6 21. Ba5 Qxa5 22. Nxd6 Rcb8 23. Ne4 c4 24. dxc4 bxc4 25. Qxc4 Rxb1 26. Rxb1 Bf5 27. Rd1 Bxe4 28. Bxe4 Bf8 29. Rb1 Bd6 30. Rb7 Qe1+ 31. Kg2 a5 32. Qc6 Bb4 33. Qf6 Rf8 34. h4 1-0

[Event "Hyderabad op 1st"]
[Site "Hyderabad"]
[Date "2006.03.02"]
[Round "7"]
[White "Prasad, Devaki V"]
[Black "Sundararajan, Kidambi"]
[Result "1/2-1/2"]
[WhiteElo "2411"]
[BlackElo "2495"]
[PlyCount "62"]
[EventDate "2006.02.25"]
[EventType "swiss"]
[EventRounds "10"]
[EventCountry "IND"]
[SourceTitle "CBM 111 Extra"]
[Source "ChessBase"]
[SourceDate "2006.05.09"]
[SourceVersion "1"]
[SourceVersionDate "2006.05.09"]
[SourceQuality "1"]

1. e4 e5 2. Nf3 Nc6 3. Bb5 a6 4. Ba4 Nf6 5. 0-0 Nxe4 6. d4 b5 7. Bb3 d5 8. dxe5 Be6 9. Nbd2 Be7 10. c3 0-0 11. Bc2 f5 12. Nd4 Nxd4 13. cxd4 Qd7 14. Nb3 a5 15. f3 a4 16. fxe4 axb3 17. Bxb3 fxe4 18. Be3 Rxf1+ 19. Qxf1 c6 20. Rc1 Qe8 21. Qe2 Bd7 22. Qc2 Qg6 23. a4 bxa4 24. Bxa4 Rc8 25. Rf1 h6 26. Qd2 Rb8 27. b3 Bh4 28. Bf2 Be7 29. Be3 Bb4 30. Qe2 Ra8 31. Rc1 Ba3 1/2-1/2

[Event "Hyderabad op 1st"]
[Site "Hyderabad"]
[Date "2006.02.28"]
[Round "4"]
[White "Natarajan, C."]
[Black "Prasad, Devaki V"]
[Result "0-1"]
[WhiteElo "2283"]
[BlackElo "2411"]
[PlyCount "120"]
[EventDate "2006.02.25"]
[EventType "swiss"]
[EventRounds "10"]
[EventCountry "IND"]
[SourceTitle "CBM 111 Extra"]
[Source "ChessBase"]
[SourceDate "2006.05.09"]
[SourceVersion "1"]
[SourceVersionDate "2006.05.09"]
[SourceQuality "1"]

1. d4 Nf6 2. Nf3 g6 3. Bg5 Bg7 4. Nbd2 0-0 5. c3 d6 6. e4 c5 7. dxc5 dxc5 8. Bc4 Nc6 9. 0-0 Qc7 10. Qe2 e6 11. Qe3 b6 12. h3 Bb7 13. Rfe1 a6 14. Bf1 e5 15. Nh2 Nd8 16. Bxf6 Bxf6 17. Ng4 Bg7 18. Qg5 f6 19. Qh4 b5 20. Ne3 Ne6 21. Nd5 Qf7 22. c4 Nd4 23. Rac1 Bxd5 24. cxd5 Rac8 25. Re3 f5 26. Rec3 Bf6 27. Qh6 Qe7 28. Qe3 Bg5 29. Qe1 fxe4 30. Nxe4 Bxc1 31. Qxc1 c4 32. b3 Qd7 33. bxc4 b4 34. Re3 Qxd5 35. c5 Kh8 36. Bxa6 Rb8 37. Bc4 Qc6 38. Qd2 Rf4 39. Qd3 Rd8 40. Nd6 Rdf8 41. Rxe5 Rxf2 42. Qe4 R2f4 43. Qd5 Qxd5 44. Bxd5 Nf5 45. Nb7 Ng3 46. Kh2 R4f5 47. Rxf5 Nxf5 48. Be6 Nd4 49. Bd5 Nb5 50. c6 Nc7 51. Bb3 Rf6 52. Na5 Kg7 53. Kg3 Kf8 54. Bd1 Rd6 55. Bb3 Ke7 56. Kf3 Rf6+ 57. Ke3 Kd6 58. a3 bxa3 59. Ba2 Kc5 60. Ke2 Kb4 0-1

[Event "Hyderabad op 1st"]
[Site "Hyderabad"]
[Date "2006.02.28"]
[Round "5"]
[White "Prasad, Devaki V"]
[Black "Kotsur, Pavel"]
[Result "1/2-1/2"]
[WhiteElo "2411"]
[BlackElo "2570"]
[PlyCount "84"]
[EventDate "2006.02.25"]
[EventType "swiss"]
[EventRounds "10"]
[EventCountry "IND"]
[SourceTitle "CBM 111 Extra"]
[Source "ChessBase"]
[SourceDate "2006.05.09"]
[SourceVersion "1"]
[SourceVersionDate "2006.05.09"]
[SourceQuality "1"]

1. e4 c5 2. Nf3 d6 3. d4 cxd4 4. Nxd4 Nf6 5. Nc3 Nc6 6. Bg5 e6 7. Qd2 Qb6 8. Nb3 a6 9. 0-0-0 Qc7 10. f3 Rb8 11. g4 b5 12. Bd3 Ne5 13. Qg2 b4 14. Ne2 Nxd3+ 15. Rxd3 a5 16. Kb1 Ba6 17. Rdd1 Nd7 18. h4 h6 19. Be3 a4 20. Nbc1 Rc8 21. Nf4 Ne5 22. b3 Nxf3 23. Qxf3 Qxc2+ 24. Ka1 Qc3+ 25. Kb1 g6 26. Qf2 axb3 27. Nxb3 Qe5 28. Bd4 Qxe4+ 29. Kb2 Rh7 30. Rhe1 Qb7 31. Bf6 g5 32. Nd5 Bc4 33. Qf5 Rg7 34. Rxe6+ fxe6 35. Qxe6+ Re7 36. Bxe7 Bxd5 37. Rxd5 Bxe7 38. Rxd6 Rc7 39. Qg6+ Kf8 40. Qxh6+ Ke8 41. Qg6+ Kf8 42. Qf5+ Ke8 1/2-1/2

[Event "Hyderabad op 1st"]
[Site "Hyderabad"]
[Date "2006.02.27"]
[Round "3"]
[White "Prasad, Devaki V"]
[Black "Srinivasa Rao, M."]
[Result "1/2-1/2"]
[WhiteElo "2411"]
[BlackElo "2244"]
[PlyCount "39"]
[EventDate "2006.02.25"]
[EventType "swiss"]
[EventRounds "10"]
[EventCountry "IND"]
[SourceTitle "CBM 111 Extra"]
[Source "ChessBase"]
[SourceDate "2006.05.09"]
[SourceVersion "1"]
[SourceVersionDate "2006.05.09"]
[SourceQuality "1"]

1. e4 c5 2. Nf3 d6 3. d4 cxd4 4. Nxd4 Nf6 5. Nc3 a6 6. Be2 e5 7. Nb3 Be7 8. Bg5 Nbd7 9. Qd3 b6 10. 0-0-0 Bb7 11. Bxf6 Nxf6 12. g4 Rc8 13. Bf3 0-0 14. h4 a5 15. Kb1 Bc6 16. g5 Nd7 17. Bg4 a4 18. Bxd7 Qxd7 19. Nd2 b5 20. Nd5 1/2-1/2

[Event "Rohde op 05th"]
[Site "Sautron"]
[Date "2005.10.29"]
[Round "8"]
[White "Prasad, Devaki V"]
[Black "Tratar, Marko"]
[Result "1/2-1/2"]
[WhiteElo "2401"]
[BlackElo "2440"]
[PlyCount "46"]
[EventDate "2005.10.22"]
[EventType "swiss"]
[EventRounds "9"]
[EventCountry "FRA"]
[SourceTitle "EXT 2006"]
[Source "ChessBase"]
[SourceDate "2005.11.24"]
[SourceVersion "1"]
[SourceVersionDate "2005.11.24"]
[SourceQuality "1"]

1. e4 d6 2. d4 Nf6 3. Nc3 e5 4. dxe5 dxe5 5. Qxd8+ Kxd8 6. Bc4 Ke8 7. Nge2 c6 8. a4 a5 9. Be3 Ng4 10. Bd2 Bc5 11. 0-0 Nd7 12. Nc1 Ke7 13. Nd3 Bb6 14. h3 Ngf6 15. Kh2 Ke8 16. f3 Kf8 17. Ne2 Nc5 18. Nxc5 Bxc5 19. Rfd1 Nd7 20. Bc3 f6 21. Nc1 Ke7 22. Nb3 Bb6 23. Rd2 Nc5 1/2-1/2

[Event "Rohde op 05th"]
[Site "Sautron"]
[Date "2005.10.28"]
[Round "7"]
[White "Sulypa, Oleksandr"]
[Black "Prasad, Devaki V"]
[Result "1/2-1/2"]
[WhiteElo "2489"]
[BlackElo "2401"]
[PlyCount "59"]
[EventDate "2005.10.22"]
[EventType "swiss"]
[EventRounds "9"]
[EventCountry "FRA"]
[SourceTitle "EXT 2006"]
[Source "ChessBase"]
[SourceDate "2005.11.24"]
[SourceVersion "1"]
[SourceVersionDate "2005.11.24"]
[SourceQuality "1"]

1. d4 Nf6 2. c4 e6 3. Nc3 Bb4 4. Qc2 0-0 5. a3 Bxc3+ 6. Qxc3 b6 7. Bg5 Bb7 8. e3 d6 9. Ne2 Nbd7 10. Qd3 c5 11. Nc3 a6 12. Rd1 Qc7 13. dxc5 dxc5 14. Qd6 Rfc8 15. Qxc7 Rxc7 16. f3 Bc6 17. a4 Rd8 18. Be2 Rcc8 19. Kf2 Kf8 20. e4 h6 21. Be3 a5 22. g4 Ne8 23. h4 Nc7 24. g5 hxg5 25. hxg5 g6 26. Bf4 Ne8 27. Rh8+ Ke7 28. Nd5+ Bxd5 29. exd5 e5 30. Bg3 1/2-1/2

[Event "Rohde op 05th"]
[Site "Sautron"]
[Date "2005.10.25"]
[Round "4"]
[White "Prasad, Devaki V"]
[Black "Colovic, Aleksandar"]
[Result "1/2-1/2"]
[WhiteElo "2401"]
[BlackElo "2473"]
[PlyCount "88"]
[EventDate "2005.10.22"]
[EventType "swiss"]
[EventRounds "9"]
[EventCountry "FRA"]
[SourceTitle "EXT 2006"]
[Source "ChessBase"]
[SourceDate "2005.11.24"]
[SourceVersion "1"]
[SourceVersionDate "2005.11.24"]
[SourceQuality "1"]

1. e4 c5 2. Nf3 d6 3. d4 cxd4 4. Nxd4 Nf6 5. Nc3 a6 6. Be2 e5 7. Nb3 Be7 8. Bg5 Be6 9. Bxf6 Bxf6 10. Qd3 Be7 11. 0-0-0 Nd7 12. Nd5 Bxd5 13. exd5 0-0 14. g4 Bg5+ 15. Kb1 b5 16. h4 Bf4 17. g5 f5 18. Qf3 Qb6 19. Nd4 Nc5 20. Ne6 Rfe8 21. Bd3 Nxd3 22. Qxd3 e4 23. Qh3 Rxe6 24. dxe6 Qc5 25. Qb3 Be5 26. Rd5 Qc4 27. f4 exf3 28. Qxc4 bxc4 29. Rf1 Rb8 30. b3 Kf8 31. Rxf3 g6 32. Ra5 Rb6 33. Ra4 c3 34. Rc4 Ke7 35. Rc7+ Kxe6 36. Rxh7 f4 37. Kc1 Kf5 38. h5 Kxg5 39. hxg6 Kxg6 40. Rh1 Kf5 41. Kd1 Rb7 42. Rff1 Bd4 43. Ke2 Ke4 44. Rh4 Be5 1/2-1/2